Vista normal
Vista MARC
Entrada Meeting Name
Número de registros utilizados en: 1
001 - CONTROL NUMBER
- control field: 7801
003 - CONTROL NUMBER IDENTIFIER
- control field: OSt
005 - DATE AND TIME OF LATEST TRANSACTION
- control field: 20200724183657.0
008 - FIXED-LENGTH DATA ELEMENTS
- fixed length control field: 200724|| aca||aabn | a|a d
040 ## - CATALOGING SOURCE
- Original cataloging agency: OSt
- Transcribing agency: OSt
111 ## - HEADING--MEETING NAME
- Meeting name or jurisdiction name as entry element: Seminario
- Location of meeting: Colombia
670 ## - SOURCE DATA FOUND
- Source citation: Work cat.: (OSt)6330: Seminario Colombia, El ahorro individual : , 2013.